Noms de cours d'eau communs dans les communes avec "-sur-" - Statistiques

Statistiques générales
  • Ce quiz a été pris 104 fois
  • Le résultat moyen est 17 sur 29
Statistiques - réponses
Nombre d'apparitions Cours d'eau % Correct
71 Seine
98%
10 Loir
95%
69 Loire
94%
12 Rhône
93%
34 Saône
91%
16 Garonne
90%
55 Marne
86%
43 Meuse
83%
14 Eure
78%
16 Oise
78%
21 Cher
76%
17 Moselle
76%
17 Vienne
67%
10 Charente
65%
10 Indre
63%
11 Somme
62%
13 Allier
60%
16 Yonne
60%
21 Aube
59%
15 Orne
56%
22 Sarthe
56%
13 Aisne
50%
11 Essonne
24%
11 Orge
13%
11 Risle
2%
19 Seille
1%
11 Ouche
0%
11 Saulx
0%
10 Tille
0%
Aucun quiz correspondant
Distribution des résultats
% des personnes avec chaque résultat
Percentile par nombre de réponses
Votre historique - résultats
Vous n’avez pas pris ce quiz